<?xml version="1.0" encoding="UTF-8"?>
<collection xmlns="http://www.loc.gov/MARC21/slim">
 <record>
  <leader>02801cam a2200589  a4500</leader>
  <controlfield tag="001">1153779765</controlfield>
  <controlfield tag="003">DE-627</controlfield>
  <controlfield tag="005">20230622234150.0</controlfield>
  <controlfield tag="007">tu</controlfield>
  <controlfield tag="008">000307m20009999xx ||||| c    00| ||ger c</controlfield>
  <datafield tag="020" ind1=" " ind2=" ">
   <subfield code="a">3805326173</subfield>
   <subfield code="9">3-8053-2617-3</subfield>
  </datafield>
  <datafield tag="020" ind1=" " ind2=" ">
   <subfield code="z">3805326955</subfield>
  </datafield>
  <datafield tag="035" ind1=" " ind2=" ">
   <subfield code="a">(DE-627)1153779765</subfield>
  </datafield>
  <datafield tag="035" ind1=" " ind2=" ">
   <subfield code="a">(DE-576)083779760</subfield>
  </datafield>
  <datafield tag="035" ind1=" " ind2=" ">
   <subfield code="a">(DE-599)BSZ083779760</subfield>
  </datafield>
  <datafield tag="035" ind1=" " ind2=" ">
   <subfield code="a">(DE-604)813190499x</subfield>
  </datafield>
  <datafield tag="040" ind1=" " ind2=" ">
   <subfield code="a">DE-627</subfield>
   <subfield code="b">ger</subfield>
   <subfield code="c">DE-627</subfield>
   <subfield code="e">rakwb</subfield>
  </datafield>
  <datafield tag="041" ind1=" " ind2=" ">
   <subfield code="a">ger</subfield>
  </datafield>
  <datafield tag="082" ind1="0" ind2=" ">
   <subfield code="a">943/.02/074435511</subfield>
  </datafield>
  <datafield tag="084" ind1=" " ind2=" ">
   <subfield code="a">GESCH 351</subfield>
   <subfield code="2">sfb</subfield>
  </datafield>
  <datafield tag="084" ind1=" " ind2=" ">
   <subfield code="a">GESCH 514 AACH</subfield>
   <subfield code="2">sfb</subfield>
  </datafield>
  <datafield tag="084" ind1=" " ind2=" ">
   <subfield code="a">KU 124</subfield>
   <subfield code="2">sfb</subfield>
  </datafield>
  <datafield tag="084" ind1=" " ind2=" ">
   <subfield code="a">POL 213</subfield>
   <subfield code="2">sfb</subfield>
  </datafield>
  <datafield tag="084" ind1=" " ind2=" ">
   <subfield code="a">9,10</subfield>
   <subfield code="2">ssgn</subfield>
  </datafield>
  <datafield tag="084" ind1=" " ind2=" ">
   <subfield code="a">NT 3110</subfield>
   <subfield code="2">rvk</subfield>
   <subfield code="0">(DE-625)rvk/131050:</subfield>
  </datafield>
  <datafield tag="245" ind1="1" ind2="0">
   <subfield code="a">Krönungen</subfield>
   <subfield code="b">Könige in Aachen - Geschichte und Mythos; Katalog der Ausstellung in 2 Bänden; [eine Ausstellung des Vereins Aachener Krönungsgeschichte e.V. in Zusammenarbeit mit der Stadt Aachen ... im Krönungssaal des Aachener Rathauses, der Domschatzkammer und dem Aachener Dom vom 11.6. - 3.10.2000 aus Anlaß der 1200-Jahrfeier der Krönung Karls des Großen]</subfield>
   <subfield code="c">hrsg. von Mario Kramp</subfield>
  </datafield>
  <datafield tag="264" ind1=" " ind2="1">
   <subfield code="a">Mainz</subfield>
   <subfield code="b">von Zabern</subfield>
   <subfield code="c">2000-</subfield>
  </datafield>
  <datafield tag="336" ind1=" " ind2=" ">
   <subfield code="a">Text</subfield>
   <subfield code="b">txt</subfield>
   <subfield code="2">rdacontent</subfield>
  </datafield>
  <datafield tag="336" ind1=" " ind2=" ">
   <subfield code="a">unbewegtes Bild</subfield>
   <subfield code="b">sti</subfield>
   <subfield code="2">rdacontent</subfield>
  </datafield>
  <datafield tag="337" ind1=" " ind2=" ">
   <subfield code="a">ohne Hilfsmittel zu benutzen</subfield>
   <subfield code="b">n</subfield>
   <subfield code="2">rdamedia</subfield>
  </datafield>
  <datafield tag="338" ind1=" " ind2=" ">
   <subfield code="a">Band</subfield>
   <subfield code="b">nc</subfield>
   <subfield code="2">rdacarrier</subfield>
  </datafield>
  <datafield tag="650" ind1=" " ind2="4">
   <subfield code="a">Ausstellung</subfield>
  </datafield>
  <datafield tag="650" ind1=" " ind2="4">
   <subfield code="a">Deutschland</subfield>
  </datafield>
  <datafield tag="650" ind1=" " ind2="4">
   <subfield code="a">Aachen</subfield>
  </datafield>
  <datafield tag="650" ind1=" " ind2="4">
   <subfield code="a">Königskrönung</subfield>
  </datafield>
  <datafield tag="655" ind1=" " ind2="7">
   <subfield code="a">Ausstellungskatalog</subfield>
   <subfield code="y">2000</subfield>
   <subfield code="z">Aachen</subfield>
   <subfield code="0">(DE-588)4135467-9</subfield>
   <subfield code="0">(DE-627)10566491X</subfield>
   <subfield code="0">(DE-576)209660988</subfield>
   <subfield code="2">gnd-content</subfield>
  </datafield>
  <datafield tag="689" ind1="0" ind2="0">
   <subfield code="d">g</subfield>
   <subfield code="0">(DE-588)4000003-5</subfield>
   <subfield code="0">(DE-627)10640251X</subfield>
   <subfield code="0">(DE-576)208836500</subfield>
   <subfield code="a">Aachen</subfield>
   <subfield code="2">gnd</subfield>
  </datafield>
  <datafield tag="689" ind1="0" ind2="1">
   <subfield code="d">s</subfield>
   <subfield code="0">(DE-588)4164396-3</subfield>
   <subfield code="0">(DE-627)105447773</subfield>
   <subfield code="0">(DE-576)209888326</subfield>
   <subfield code="a">Königskrönung</subfield>
   <subfield code="2">gnd</subfield>
  </datafield>
  <datafield tag="689" ind1="0" ind2="2">
   <subfield code="a">z</subfield>
   <subfield code="2">gnd</subfield>
   <subfield code="a">Geschichte</subfield>
  </datafield>
  <datafield tag="689" ind1="0" ind2=" ">
   <subfield code="5">DE-101</subfield>
  </datafield>
  <datafield tag="700" ind1="1" ind2=" ">
   <subfield code="a">Kramp, Mario</subfield>
   <subfield code="d">1961-</subfield>
   <subfield code="e">Hrsg.</subfield>
   <subfield code="0">(DE-588)114907218</subfield>
   <subfield code="0">(DE-627)393978982</subfield>
   <subfield code="0">(DE-576)17390095X</subfield>
   <subfield code="4">edt</subfield>
  </datafield>
  <datafield tag="710" ind1="2" ind2=" ">
   <subfield code="a">Verein Aachener Krönungsgeschichte</subfield>
   <subfield code="0">(DE-588)2183732-6</subfield>
   <subfield code="0">(DE-627)318996324</subfield>
   <subfield code="0">(DE-576)198095384</subfield>
   <subfield code="4">oth</subfield>
  </datafield>
  <datafield tag="710" ind1="2" ind2=" ">
   <subfield code="a">Domschatzkammer Aachen</subfield>
   <subfield code="0">(DE-588)1228608-4</subfield>
   <subfield code="0">(DE-627)171615239</subfield>
   <subfield code="0">(DE-576)194965724</subfield>
   <subfield code="4">oth</subfield>
  </datafield>
  <datafield tag="787" ind1="0" ind2="8">
   <subfield code="i">Rezension</subfield>
   <subfield code="a">Neuheuser, Hanns Peter, 1952 - </subfield>
   <subfield code="t">[Rezension von: Krönungen]</subfield>
   <subfield code="d">2001</subfield>
   <subfield code="w">(DE-627)1547862750</subfield>
   <subfield code="w">(DE-576)477862756</subfield>
  </datafield>
  <datafield tag="889" ind1=" " ind2=" ">
   <subfield code="w">(DE-627)175506053X</subfield>
  </datafield>
  <datafield tag="936" ind1="r" ind2="v">
   <subfield code="a">NT 3110</subfield>
   <subfield code="b">Königs- und Kaiserwahlen, Krönungen, Kurfürstenkolleg etc.</subfield>
   <subfield code="k">Allgemeine Rechts-, Verfassungs- und Verwaltungsgeschichte</subfield>
   <subfield code="k">Darstellungen zur Rechts-, Verfassungs- und Verwaltungsgeschichte</subfield>
   <subfield code="k">Königs- und Kaiserwahlen, Krönungen, Kurfürstenkolleg etc.</subfield>
   <subfield code="0">(DE-627)1270742590</subfield>
   <subfield code="0">(DE-625)rvk/131050:</subfield>
   <subfield code="0">(DE-576)200742590</subfield>
  </datafield>
  <datafield tag="951" ind1=" " ind2=" ">
   <subfield code="a">MC</subfield>
  </datafield>
  <datafield tag="990" ind1=" " ind2=" ">
   <subfield code="a">Aachen</subfield>
  </datafield>
  <datafield tag="990" ind1=" " ind2=" ">
   <subfield code="a">Königskrönung</subfield>
  </datafield>
  <datafield tag="990" ind1=" " ind2=" ">
   <subfield code="a">Geschichte</subfield>
  </datafield>
  <datafield tag="991" ind1=" " ind2=" ">
   <subfield code="a">Rezensiertes Werk</subfield>
  </datafield>
  <datafield tag="999" ind1=" " ind2=" ">
   <subfield code="a">KXP-PPN1153779765</subfield>
   <subfield code="e">4073615475</subfield>
  </datafield>
 </record>
</collection>
